| 000 | 00818nam a2200229Ia 4500 | ||
|---|---|---|---|
| 003 | 0 | ||
| 005 | 20250129095820.0 | ||
| 008 | 190208s9999 xx 000 0 und d | ||
| 050 |
_aPGS TP 248.2 _b.N456 2016 |
||
| 100 | _aNery, Marielle Louise Tolentino. | ||
| 245 |
_aBilimbi fruit (Averrhoa bilimbi) and Pineapple (Ananas comosus) as stain removers / _cMarielle Louise Tolentino Nery. |
||
| 260 |
_aLas PiƱas City, Philippines : _bSouthville International School and Colleges, _c2016. |
||
| 300 |
_a33 p. : _bill. ; _c28 cm. |
||
| 504 | _aIncludes bibliographical references. | ||
| 650 | _aBilimbi (Averrhoa bilimbi). | ||
| 650 | _aPineapple (Ananas comosus). | ||
| 650 |
_aFruit _vUses. |
||
| 650 | _aStain removal. | ||
| 650 | _aCleaning agents. | ||
| 650 |
_aNatural products _v Uses. |
||
| 942 |
_2lcc _cPASS |
||
| 999 |
_c361281 _d361281 |
||